|
|
|
|
| LEADER |
00665cam a2200193 7i4500 |
| 001 |
0000050342 |
| 005 |
20170218090000.0 |
| 020 |
|
|
|a 0324375654 (student ed.)
|
| 090 |
0 |
0 |
|a HF5635
|b .B39 2007
|
| 100 |
1 |
|
|a Bazley, John D
|
| 245 |
1 |
0 |
|a Intermediate accounting
|c John D. Bazley, Loren A. Nikolai, Jefferson P. Jones.
|
| 250 |
|
|
|a 10th ed.
|
| 260 |
|
|
|a Australia:
|b Thomson/South-Western,
|c 2007.
|
| 300 |
|
|
|a xxviii, 1240, [90] p.:
|b ill.;
|c 29 cm.
|
| 504 |
|
|
|a Includes bibliographical references and index
|
| 650 |
0 |
0 |
|a Accounting
|
| 997 |
|
|
|a Business & Accountancy, Faculty
|
| 998 |
|
|
|a Accountancy, Degree
|
| 999 |
|
|
|a 0000058820
|b BOK
|c OPEN SHELF
|e 1st Floor, Shah Alam
|